• 首页
  • 本馆介绍
  • 公告通知
  • 最新文献
  • 馆藏检索
  • 电子资源
  • 读者导购
  • 参考咨询
  • 我的图书馆
  • 登录
  • 详细信息显示
  • 放入我的书架
  • 预约/预借图书
  • 作者相关作品
  • 分类相关作品
  • 丛书相关作品
  • 出版社相关作品

书目信息

  • 表格格式
  • 工作单格式
  • 卡片格式
题名:
通礼修文 以书养德
    
 
作者: 云志功 编著
分册:  
出版信息: 长沙   湖南师范大学出版社  1999
页数: 370页
开本: 20cm
丛书名: 大学人文素质教育丛书
单 册:
中图分类: G645.5 , J292.11
科图分类:
主题词: 大学生--书法--文化修养 , 大学生 , 书法 , 文化修养
电子资源:
ISBN: 7-81031-712-1
000 00846oam2 2200289 450
001 1568568618
005 20150129190319.56
010    @a7-81031-712-1@dCNY13.00
100    @a19990728d1999 em y0chiy0110 ea
101 0  @achi
102    @aCN@b430000
105    @af z 000yd
200 1  @a通礼修文 以书养德@9tong li xiu wen yi shu yang de@e大学生的书法修养@f云志功等编著
210    @a长沙@c湖南师范大学出版社@d1999
215    @a370页@c图@d20cm
225 2  @a大学人文素质教育丛书
461  0 @12001 @a大学人文素质教育丛书
517 1  @a大学生的书法修养@9da xue sheng de shu fa xiu yang
606 0  @a大学生@x书法@x文化修养
606 0  @a大学生
606 0  @a书法
606 0  @a文化修养
690    @aG645.5@v5
690    @aJ292.11@v5
701  0 @a云志功@9yun zhi gong@4编著
801  0 @aCN@bTSSF@c20150129
905    @aZUCC@dG645.5@eJY4
    
    通礼修文 以书养德:大学生的书法修养/云志功等编著.-长沙:湖南师范大学出版社,1999
    370页:图;20cm.-(大学人文素质教育丛书)
    
    
    ISBN 7-81031-712-1:CNY13.00
    
●
相关链接 在E读中查询图书 在五车中查询图书 在当当中查询图书 在豆瓣中查询图书


正题名:通礼修文 以书养德     索取号:G645.5/JY4         预约/预借

序号 登录号 条形码 馆藏地/架位号 状态 备注
1 7861031   278610317   学院路分馆/ [索取号:G645.5/JY4] 在馆    
唐山师范学院图书馆 欢迎您!
大连网信软件有限公司© 版权所有